| 000 | 00754nam a22002177a 4500 | ||
|---|---|---|---|
| 001 | 32525 | ||
| 003 | BD-RjUL | ||
| 005 | 20211209051842.0 | ||
| 008 | 140427r1965 -pk 001 0 eng d | ||
| 035 | _a(BD-RjUL)32614 | ||
| 040 |
_aBD-RjUL _beng _cBD-RjUL |
||
| 041 | _aeng | ||
| 082 |
_a297.3 _bDIG V-1 1965 |
||
| 245 | 0 | 2 |
_aA digest of Moohummdan law : _bcompiled and translated from authorities in the original Arabic / _cwith an introduction and explanatory notes, by Neil B. E. Baillie. _nVolume One |
| 260 |
_aLahore : _bPremier Book Huose, _c[Impression 1965]. |
||
| 300 |
_ali, 860 p. ; _c19 cm. |
||
| 504 | _aIncludes bibliography and index. | ||
| 650 | 0 |
_aIslamic law. _998958 |
|
| 700 | 1 |
_aBaillie, Neil B. E. [int.] _998959 |
|
| 942 |
_2ddc _cBK |
||
| 999 |
_c32525 _d32525 |
||